Herb and Spice Producing Countries Quiz Stats

 Plays Quiz Updated Dec 17, 2018

Support Sporcle.
Go Orange.
Score 0/45 Timer 05:00
1 Play Today
Seasoning Country % Correct
CinnamonChina
97.2%
GarlicChina
97.2%
GingerChina
97.2%
Anise/FennelChina
97.3%
Dried ChilliesChina
97.2%
Onions (incl. shallots and green)China
97.2%
Anise/FennelIndia
96.6%
Dried ChilliesIndia
96.6%
GarlicIndia
96.6%
GingerIndia
96.6%
Nutmeg/Mace/CardamomIndia
96.6%
Anise/FennelMexico
89%
GarlicRussia
85.4%
Onions (incl. shallots and green)Japan
85.1%
CinnamonIndonesia
81.8%
ClovesIndonesia
81.8%
GingerIndonesia
81.8%
Nutmeg/Mace/CardamomIndonesia
81.8%
Dried ChilliesPakistan
80.2%
CinnamonVietnam
76.4%
Anise/FennelIran
76.2%
Dried ChilliesThailand
75.8%
GarlicEgypt
70.5%
Seasoning Country % Correct
Mustard SeedCanada
69%
GarlicSouth Korea
65.7%
Onions (incl. shallots and green)South Korea
65.7%
GingerPhilippines
58.7%
CinnamonSri Lanka
57.5%
ClovesSri Lanka
57.5%
Mustard SeedMyanmar
55.2%
Dried ChilliesPeru
52%
GingerNepal
51.8%
Mustard SeedNepal
51.8%
Nutmeg/Mace/CardamomNepal
51.8%
Onions (incl. shallots and green)Nigeria
49.3%
Mustard SeedUkraine
46.3%
Onions (incl. shallots and green)New Zealand
45%
CinnamonMadagascar
40.5%
ClovesMadagascar
40.5%
Nutmeg/Mace/CardamomBhutan
32.4%
ClovesTanzania
30%
Nutmeg/Mace/CardamomGuatemala
26.5%
Anise/FennelBulgaria
19.5%
Mustard SeedCzechia
12.9%
ClovesComoros
11.4%

You're not logged in!

Compare scores with friends on all Sporcle quizzes.
OR
Log In

From the Vault

Golf Etiquette

by Magnavox

Now watch us hit this drive.
Remove Ads.
Support Sporcle.
Get the best of Sporcle when you Go Orange. This ad-free experience offers more features, more stats, and more fun while also helping to support Sporcle. Thank you for becoming a member.

Show Comments

Extras

Top Quizzes Today


Score Distribution

Your Account Isn't Verified!

In order to create a playlist on Sporcle, you need to verify the email address you used during registration. Go to your Sporcle Settings to finish the process.

Report this User

Report this user for behavior that violates our Community Guidelines.

Details: